Entry Términos de género/forma
001 - NÚMERO DE CONTROL
- campo de control: 226822
003 - IDENTIFICADOR DE NÚMERO DE CONTROL
- campo de control: SpMaBN
005 - FECHA Y HORA DE LA ÚLTIMA TRANSACCIÓN
- campo de control: 20230626114454.0
008 - ELEMENTOS DE DATO DE LONGITUD-FIJA
- campo de control de longitud fija: 170309 n anznnbabn a ana
024 7# - IDENTIFICADOR DE OTROS ESTÁNDARES
- Número estándar o código: http://id.loc.gov/authorities/genreForms/gf2014026208
- Fuente: lcgft
024 7# - IDENTIFICADOR DE OTROS ESTÁNDARES
- Número estándar o código: http://vocab.getty.edu/aat/300026646
- Fuente: aat
024 7# - IDENTIFICADOR DE OTROS ESTÁNDARES
- Número estándar o código: https://catalogue.bnf.fr/ark:/12148/cb11947930s
- Fuente: rameau
040 ## - FUENTE DE CATALOGACIÓN
- Centro catalogador/agencia de origen: SpMaBN
- Lengua de catalogación: spa
- Centro/agencia transcriptor: SpMaBN
- Normas de descripción: rdc
- Convención/Normas de encabezamiento de materia/tesauro: tgfbne
- Centro/agencia modificador: ES-MaACL
155 ## - ENCABEZAMIENTO--TÉRMINO DE GÉNERO/FORMA
- Término de género/forma: Anuarios
555 ## - TRAZADO DE VÉASE ADEMÁS--TÉRMINO GÉNERO/FORMA
- Subcampo de control: g
- Término de género/forma: Obras conmemorativas
555 ## - TRAZADO DE VÉASE ADEMÁS--TÉRMINO GÉNERO/FORMA
- Subcampo de control: g
- Término de género/forma: Publicaciones seriadas
670 ## - FUENTE DE DATOS ENCONTRADOS
- Cita de la fuente: LCGFT;
- Información encontrada: (Yearbooks)
670 ## - FUENTE DE DATOS ENCONTRADOS
- Cita de la fuente: AAT;
- Información encontrada: (yearbooks)
670 ## - FUENTE DE DATOS ENCONTRADOS
- Cita de la fuente: WWW RAMEAU, 6-2-2020;
- Información encontrada: (Annuaires)
670 ## - FUENTE DE DATOS ENCONTRADOS
- Cita de la fuente: WWW ODLIS, Online Dictionary for Library and Information Science, 5-2-2020;
- Información encontrada: (yearbook)
670 ## - FUENTE DE DATOS ENCONTRADOS
- Cita de la fuente: WWW RBGENR, 4-3-2020;
- Información encontrada: (Yearbooks)
- Identificador Uniforme de Recursos: https://rbms.info/vocabularies/genre/tr686.htm
670 ## - FUENTE DE DATOS ENCONTRADOS
- Cita de la fuente: WWW Embe, 26-6-2023;
- Información encontrada: (Anuarios)
680 ## - NOTA GENERAL PÚBLICA
- Texto explicativo: Úsase para obras que se publican anualmente y que recogen los sucesos acontecidos durante un año en una actividad, organización, país, disciplina o tema determinado
955 ## - CATALOGADOR - EDICIÓN
- Nombre del catalogador: Julia Mas Vieira
